000 00720nam a2200253Ia 4500
003 OSt
005 20220918201526.0
006 a|||||r|||| 00| 0
007 ta
008 220917b |||||||| |||| 00| 0 eng d
024 _a94,591
037 _cTextual
040 _aARTS
_cARTS
_beng
041 _2eng
_aeng
082 _aV2.L<--J0gY:435, M3
100 _aAgrawal C M
_999264
245 0 _aNatural calamities and the Great Mughals
260 _aBodh
_bGaya Kanchan India
_c1983
300 _axxi, 249p.
_ccm.
500 _aBibliography p206--236; Glossary p227--230
650 _aINDIA - HISTORY
942 _hV2.L<--J0gY:435, M3
_cTEXL
_2CC
999 _c218216
_d218216